Statistics for NBA All Star Rookies

Click here to take the quiz!

General Stats

  • This quiz has been taken 98 times
  • The average score is 22 of 45

Answer Stats

PlayerSeasonTeam% Correct
Tim Duncan1997-98Spurs
96%
Blake Griffin2010-11Clippers
94%
Hakeem Olajuwon1984-85Rockets
94%
Shaquille O'Neal1992-93Magic
93%
Michael Jordan1984-85Bulls
91%
David Robinson1989-90Spurs
90%
Patrick Ewing1985-86Knicks
89%
Yao Ming2002-03Rockets
89%
Isiah Thomas1981-82Pistons
87%
Wilt Chamberlain1959-60Warriors
82%
Larry Bird1979-80Celtics
79%
Magic Johnson1979-80Lakers
79%
Bob Cousy1950-51Celtics
71%
Kareem Abdul-Jabbar1969-70Bucks
71%
Oscar Robertson1960-61Royals
71%
John Johnson1970-71Cavaliers
69%
Bob Pettit1954-55Hawks
64%
Jerry West1960-61Lakers
64%
Grant Hill1994-95Pistons
62%
Ralph Sampson1983-84Rockets
62%
Rick Barry1965-66Warriors
56%
Wes Unseld1968-69Bullets
56%
Elgin Baylor1958-59Lakers
53%
Willis Reed1964-65Knicks
53%
Dikembe Mutombo1991-92Nuggets
49%
Elvin Hayes1968-69Rockets
48%
Buck Williams1981-82Nets
31%
Paul Arizin1950-51Warriors
30%
Walter Davis1977-78Suns
26%
Tom Heinsohn1956-57Celtics
24%
Walt Bellamy1961-62Packers
22%
Jerry Lucas1963-64Royals
21%
Luke Jackson1964-6576ers
19%
Bill Cartwright1979-80Knicks
14%
Alvan Adams1975-76Suns
13%
Kelly Tripucka1981-82Pistons
12%
Geoff Petrie1970-71Trail Blazers
8%
Larry Foust1950-51Pistons
4%
Sidney Wicks1971-72Trail Blazers
4%
Terry Dischinger1962-63Zephyrs
3%
Maurice Stokes1955-56Royals
2%
Ray Felix1953-54Bullets
2%
Don Sunderlage1953-54Hawks
0%
Frank Selvy1954-55Hawks / Bullets
0%
Jack Molinas1953-54Pistons
0%

Score Distribution

Percentile by Number Answered

Percent of People with Each Score

Your Score History

You have not taken this quiz